| 000 | 00456nam a2200193Ia 4500 | ||
|---|---|---|---|
| 005 | 20250603144827.0 | ||
| 008 | 250603s9999 xx 000 0 und d | ||
| 020 | _a9781292009094 | ||
| 050 | _aHF 5548.32 .L38/ | ||
| 100 | _aLaudon, Kenneth C. | ||
| 245 | 0 | _aE-commerce 2014 : business, technology, society | |
| 250 | _a10th ed. | ||
| 260 | _aBoston | ||
| 260 | _bPearson | ||
| 260 | _c2014 | ||
| 300 | _a905 p | ||
| 650 | _aBoston | ||
| 942 | _cBK | ||
| 999 |
_c40068 _d40068 |
||